League One 2025/26 - loga klubów - Statystyki

Ogólne statystyki
  • Ten quiz został rozwiązany 7 razy
  • Średni wynik to 14 z 24
Statystyki odpowiedzi
Obrazkowy Odpowiedź % Poprawnych
Bolton
100%
Cardiff
100%
Luton
100%
Reading
100%
Plymouth Argyle
86%
AFC Wimbledon
71%
Wigan
71%
Blackpool
57%
Doncaster
57%
Exeter City
57%
FC Barnsley
57%
Huddersfield
57%
Leyton Orient
57%
Lincoln City
57%
Port Vale
57%
Wycombe
57%
Bradford
43%
Mansfield Town
43%
Burton Albion
29%
Northampton
29%
Peterborough
29%
Rotherham
29%
Stevenage
29%
Stockport
29%
Nie znaleziono quizów pasujących do podanych kryteriów
Rozkład punktacji
Procent ludzi z każdym wynikiem
Percentyl według liczby udzielonych odpowiedzi
Twoja historia wyników
Nie rozwiązałeś tego quizu